Państwa najbliżej Ukrainy A-Z - Statystyki

Ogólne statystyki
  • Ten quiz został rozwiązany 202 razy
    164 od ostatniego zresetowania
  • Średni wynik to 21 z 24
Statystyki odpowiedzi
Litera Państwo % Poprawnych
B Białoruś
98%
R Rosja / Rumunia
98%
E Estonia
97%
Ł Łotwa
97%
P Polska
97%
C Czechy
96%
D Dania
96%
L Litwa
96%
O Oman
94%
T Turcja
92%
M Mołdawia
91%
F Finlandia
90%
G Gruzja
90%
S Słowacja
90%
H Holandia
86%
U Uzbekistan
85%
V Vanuatu
84%
A Austria
83%
J Jordania
82%
I Irlandia
79%
Z Zjednoczone Emiraty Arabskie
77%
N Niemcy
75%
W Węgry
73%
K Kazachstan
70%
Nie znaleziono quizów pasujących do podanych kryteriów
Rozkład punktacji
Procent ludzi z każdym wynikiem
Percentyl według liczby udzielonych odpowiedzi
Twoja historia wyników
Nie rozwiązałeś tego quizu od ostatniego zresetowania